[Event "Catalunya-chT Gp2"]
[Site "Barcelona"]
[Date "2024.02.24"]
[Round "6.5"]
[White "Garrido Fernandez, Daniel"]
[Black "Alonso Moyano, Jonathan"]
[Result "0-1"]
[WhiteElo "2278"]
[BlackElo "2331"]
[PlyCount "78"]
[EventDate "2024.01.20"]
[EventType "team-tourn"]
[EventRounds "7"]
[EventCountry "ESP"]
[SourceTitle "CB11_2024"]
[SourceDate "2024.03.13"]
[SourceVersion "1"]
[SourceVersionDate "2024.03.13"]
[SourceQuality "1"]
[WhiteTeam "Foment Martinenc"]
[BlackTeam "Barbera"]
[WhiteTeamCountry "ESP"]
[BlackTeamCountry "ESP"]

1. e4 Nc6 2. Nf3 d6 3. d4 Nf6 4. Nc3 g6 5. Bb5 Bd7 6. Be3 Bg7 7. Qd2 0-0 8. Bh6 a6 9. Bxc6 Bxc6 10. h4 Bxh6 11. Qxh6 Ng4 12. Qg5 h5 13. Nh2 Nxh2 14. Rxh2 e5 15. d5 Qxg5 16. hxg5 Bd7 17. Kd2 f6 18. gxf6 Rxf6 19. f3 Kg7 20. Rah1 c6 21. Ke3 Raf8 22. Rh4 Be8 23. Ne2 g5 24. R4h3 cxd5 25. exd5 h4 26. c4 Bg6 27. Rc1 b6 28. Rc3 Bf5 29. Rh1 Bd7 30. Rb3 h3 31. gxh3 Rxf3+ 32. Kd2 b5 33. Rxf3 Rxf3 34. Rg1 Kh6 35. Rg3 e4 36. cxb5 Bxb5 37. Rg4 e3+ 38. Ke1 Rxh3 39. Ng3 Bd7 0-1

[Event "Catalunya-chT Gp2"]
[Site "Barcelona"]
[Date "2024.01.20"]
[Round "1.4"]
[White "Alonso Moyano, Jonathan"]
[Black "Jimenez Ruano, Adrian"]
[Result "1-0"]
[WhiteElo "2331"]
[BlackElo "2307"]
[PlyCount "57"]
[EventDate "2024.01.20"]
[EventType "team-tourn"]
[EventRounds "7"]
[EventCountry "ESP"]
[SourceTitle "CB06_2024"]
[SourceDate "2024.02.07"]
[SourceVersion "1"]
[SourceVersionDate "2024.02.07"]
[SourceQuality "1"]
[WhiteTeam "Barbera"]
[BlackTeam "Barcelona Escacs CC"]
[WhiteTeamCountry "ESP"]
[BlackTeamCountry "ESP"]

1. e4 c5 2. Nf3 d6 3. d4 cxd4 4. Nxd4 Nf6 5. Nc3 a6 6. f3 e5 7. Nb3 Be7 8. Be3 Be6 9. Qd2 h5 10. Be2 Nbd7 11. Nd5 Nxd5 12. exd5 Bf5 13. Na5 Qc7 14. c4 0-0 15. 0-0 Bf6 16. Rac1 b6 17. Nc6 Nb8 18. f4 Nxc6 19. fxe5 Nxe5 20. Rxf5 Ng4 21. Bxg4 hxg4 22. Rxf6 gxf6 23. Bd4 Kh7 24. Qd3+ Kg7 25. Qf5 Rg8 26. Qxf6+ Kh7 27. Qh4+ Kg6 28. Qxg4+ Kh6 29. Be3+ 1-0

[Event "ESP-chT CECLUB Div1"]
[Site "Linares"]
[Date "2023.08.22"]
[Round "3.4"]
[White "Alonso Moyano, Jonathan"]
[Black "Camarena Gimenez, Rufino"]
[Result "1/2-1/2"]
[WhiteElo "2353"]
[BlackElo "2308"]
[PlyCount "106"]
[EventDate "2023.08.20"]
[EventType "team-tourn"]
[EventRounds "7"]
[EventCountry "ESP"]
[SourceTitle "CBM 215 Extra"]
[Source "ChessBase"]
[SourceDate "2023.09.30"]
[SourceVersion "1"]
[SourceVersionDate "2023.09.30"]
[SourceQuality "1"]
[WhiteTeam "Barbera"]
[BlackTeam "Xeraco CE"]
[WhiteTeamCountry "ESP"]
[BlackTeamCountry "ESP"]

1. e4 e6 2. d4 d5 3. e5 c5 4. c3 Nc6 5. Nf3 Bd7 6. Be2 Qb6 7. 0-0 Rc8 8. dxc5 Bxc5 9. b4 Bf8 10. a3 Nge7 11. c4 dxc4 12. Nbd2 Ng6 13. Nxc4 Qc7 14. Bb2 b5 15. Nd6+ Bxd6 16. exd6 Qb7 17. Bxg7 Rg8 18. Bh6 Nce5 19. Nxe5 Nxe5 20. f3 Qb6+ 21. Kh1 Rc6 22. Bf4 Nc4 23. Qe1 Qd4 24. Bxc4 Rxc4 25. Be5 Qd3 26. Rd1 Qf5 27. Rd2 h5 28. h3 Qg5 29. Re2 Bc6 30. Qf2 Rc1 31. Rxc1 Qxc1+ 32. Kh2 f6 33. Qh4 Rg6 34. Bf4 Qc4 35. Rd2 e5 36. Bg3 Qxh4 37. Bxh4 Kd7 38. Bf2 f5 39. Bc5 f4 40. Re2 Re6 41. Bxa7 Kxd6 42. Bc5+ Kd7 43. Rd2+ Kc7 44. Kg1 Rg6 45. Kf1 e4 46. fxe4 Bxe4 47. Rf2 Kc6 48. Ba7 Rf6 49. Ke2 Bxg2 50. h4 Re6+ 51. Kd3 f3 52. Rc2+ Kb7 53. Bf2 Re2 1/2-1/2

[Event "ESP-ch Rapid"]
[Site "Linares"]
[Date "2023.08.19"]
[Round "5"]
[White "Alonso Moyano, Jonathan"]
[Black "Diaz Mino, Pablo"]
[Result "1/2-1/2"]
[WhiteElo "2353"]
[BlackElo "2234"]
[PlyCount "123"]
[EventDate "2023.08.19"]
[EventType "swiss (rapid)"]
[EventRounds "10"]
[EventCountry "ESP"]
[SourceTitle "CBM 215 Extra"]
[Source "ChessBase"]
[SourceDate "2023.09.30"]
[SourceVersion "1"]
[SourceVersionDate "2023.09.30"]
[SourceQuality "1"]

1. e4 Nc6 2. Nf3 d6 3. d4 Nf6 4. d5 Nb8 5. Nc3 g6 6. h3 Bg7 7. Be3 a6 8. Qd2 0-0 9. Be2 b5 10. a3 Bb7 11. 0-0 c6 12. dxc6 Nxc6 13. Bh6 Rc8 14. Bxg7 Kxg7 15. Qe3 Qc7 16. Bd3 e5 17. Rfd1 Na5 18. Rac1 Rfd8 19. Nd2 Qc5 20. Nf1 Nc6 21. Ne2 Nd4 22. f3 Nxe2+ 23. Bxe2 d5 24. exd5 Nxd5 25. Qxc5 Rxc5 26. Ne3 Nf4 27. Bf1 Rxd1 28. Rxd1 Nd5 29. Nxd5 Rxd5 30. Rxd5 Bxd5 31. a4 Bc6 32. a5 Kf6 33. c4 bxc4 34. Bxc4 Bb7 35. Kf2 Ke7 36. Ke3 f6 37. h4 Kd6 38. b4 h6 39. g3 g5 40. Bd3 Bc8 41. hxg5 hxg5 42. Bc4 Bb7 43. b5 axb5 44. Bxb5 f5 45. a6 f4+ 46. Ke2 Ba8 47. g4 e4 48. fxe4 Bxe4 49. Bc4 Kc5 50. Be6 Kb6 51. Bc4 Bc6 52. Kf2 Ba4 53. Be2 Bd7 54. Kf3 Bc6+ 55. Kf2 Bd7 56. Kf3 Bc8 57. Ke4 Bxa6 58. Bf3 Bb7+ 59. Kf5 Bxf3 60. Kxg5 Bxg4 61. Kxg4 Kc5 62. Kxf4 1/2-1/2

[Event "ESP-ch Rapid"]
[Site "Linares"]
[Date "2023.08.19"]
[Round "2"]
[White "Diaz Mino, Daniel"]
[Black "Alonso Moyano, Jonathan"]
[Result "1/2-1/2"]
[WhiteElo "2053"]
[BlackElo "2353"]
[PlyCount "109"]
[EventDate "2023.08.19"]
[EventType "swiss (rapid)"]
[EventRounds "10"]
[EventCountry "ESP"]
[SourceTitle "CBM 215 Extra"]
[Source "ChessBase"]
[SourceDate "2023.09.30"]
[SourceVersion "1"]
[SourceVersionDate "2023.09.30"]
[SourceQuality "1"]

1. e4 Nc6 2. Nf3 d6 3. d4 Nf6 4. Nc3 Bg4 5. Bb5 a6 6. Bxc6+ bxc6 7. h3 Bxf3 8. Qxf3 e5 9. dxe5 dxe5 10. Bg5 Be7 11. Rd1 Qc8 12. 0-0 0-0 13. Ne2 Qe6 14. b3 Rfd8 15. Bxf6 Bxf6 16. Qc3 a5 17. Rxd8+ Bxd8 18. Rd1 Be7 19. Ng3 g6 20. Nf1 a4 21. Ne3 axb3 22. axb3 Ra2 23. Nc4 f6 24. Na5 c5 25. Ra1 Rxa1+ 26. Qxa1 Qd7 27. Qf1 Kg7 28. Qd3 Qd4 29. Nc6 Qa1+ 30. Kh2 Bd6 31. Qd2 h5 32. Na5 Qd4 33. Qxd4 cxd4 34. Kg3 Kf7 35. Kf3 Ke6 36. Ke2 Bb4 37. Nc4 f5 38. f3 h4 39. Nb2 Ba3 40. Nd3 Be7 41. Nf2 Kd6 42. Kd3 Kc5 43. Nd1 Bg5 44. Nb2 Bf4 45. Nc4 Bg3 46. Na5 Bf4 47. Nb7+ Kc6 48. Na5+ Kb5 49. Nc4 Kb4 50. Nb2 Bc1 51. Nc4 Bf4 52. Nb2 Bc1 53. Nc4 Bf4 54. Nb2 Bc1 55. Nd1 1/2-1/2

[Event "Pobla de Lillet op 32nd"]
[Site "La Pobla de Lillet"]
[Date "2023.08.10"]
[Round "9"]
[White "Alonso Moyano, Jonathan"]
[Black "Gressmann, Moritz"]
[Result "1/2-1/2"]
[WhiteElo "2353"]
[BlackElo "2100"]
[PlyCount "103"]
[EventDate "2023.08.02"]
[EventType "swiss"]
[EventRounds "9"]
[EventCountry "ESP"]
[SourceTitle "CBM 215 Extra"]
[Source "ChessBase"]
[SourceDate "2023.09.30"]
[SourceVersion "1"]
[SourceVersionDate "2023.09.30"]
[SourceQuality "1"]

1. e4 e5 2. Nf3 Nc6 3. d4 exd4 4. Nxd4 Bc5 5. Nxc6 Qf6 6. Qf3 Qxf3 7. gxf3 bxc6 8. Rg1 g6 9. Be3 Bxe3 10. fxe3 Rb8 11. b3 Ne7 12. Nc3 d6 13. Bd3 f5 14. Kd2 0-0 15. f4 fxe4 16. Nxe4 Bf5 17. h4 Rbe8 18. Rae1 Nd5 19. Ng3 Bxd3 20. cxd3 Rf6 21. h5 Rfe6 22. Ne4 Nf6 23. Ng5 R6e7 24. hxg6 hxg6 25. e4 c5 26. Nh3 Kf7 27. Rg3 Rh8 28. Reg1 Rh6 29. Ng5+ Ke8 30. Nf3 Kf7 31. e5 Nd5 32. Rg4 Ke8 33. Nh4 dxe5 34. Nxg6 Rh2+ 35. R1g2 Rxg2+ 36. Rxg2 Nxf4 37. Nxe7 Nxg2 38. Nc6 Kd7 39. Nxe5+ Kd6 40. Ng6 Ke6 41. Ke2 Kf6 42. Kf2 Kxg6 43. Kxg2 Kf5 44. Kf3 Ke5 45. Ke3 Kd5 46. Kd2 Kd4 47. Kc2 Ke5 48. Kc3 Kd5 49. a3 a5 50. Kd2 Kd4 51. Kc2 Ke5 52. Kc3 1/2-1/2

[Event "Pobla de Lillet op 32nd"]
[Site "La Pobla de Lillet"]
[Date "2023.08.05"]
[Round "4"]
[White "Valenzuela Gomez, Fernando Alberto"]
[Black "Alonso Moyano, Jonathan"]
[Result "1/2-1/2"]
[WhiteElo "2393"]
[BlackElo "2353"]
[PlyCount "91"]
[EventDate "2023.08.02"]
[EventType "swiss"]
[EventRounds "9"]
[EventCountry "ESP"]
[SourceTitle "CBM 215 Extra"]
[Source "ChessBase"]
[SourceDate "2023.09.30"]
[SourceVersion "1"]
[SourceVersionDate "2023.09.30"]
[SourceQuality "1"]

1. e4 c5 2. Nf3 d6 3. d4 cxd4 4. Nxd4 Nf6 5. Nc3 a6 6. Be3 e5 7. Nb3 Be7 8. f3 Be6 9. Qd2 h5 10. Be2 Nbd7 11. Nd5 Nxd5 12. exd5 Bf5 13. 0-0 0-0 14. Na5 Qc7 15. c4 Nf6 16. Rac1 Bd7 17. b4 b6 18. Nb3 a5 19. bxa5 bxa5 20. c5 dxc5 21. Rfd1 a4 22. Nxc5 Bxc5 23. Rxc5 Qd6 24. Qc3 Rfc8 25. Qb4 Kh7 26. Qc4 g5 27. h3 e4 28. f4 Rab8 29. Rxc8 Rxc8 30. Qd4 Rc2 31. Bf1 Rxa2 32. Qe5 Ne8 33. Rb1 f6 34. Qxd6 Nxd6 35. Bc5 Nf5 36. Rb7 Ra1 37. Rxd7+ Kg8 38. Kf2 e3+ 39. Bxe3 Nxe3 40. Kxe3 Rxf1 41. Ra7 Ra1 42. f5 Rd1 43. Ra5 a3 44. Kf3 a2 45. Rxa2 Rxd5 46. g4 1/2-1/2

[Event "Pobla de Lillet op 32nd"]
[Site "La Pobla de Lillet"]
[Date "2023.08.02"]
[Round "1"]
[White "Alonso Moyano, Jonathan"]
[Black "Diaz Lopez, Pedro"]
[Result "1-0"]
[WhiteElo "2353"]
[BlackElo "1939"]
[PlyCount "67"]
[EventDate "2023.08.02"]
[EventType "swiss"]
[EventRounds "9"]
[EventCountry "ESP"]
[SourceTitle "CBM 215 Extra"]
[Source "ChessBase"]
[SourceDate "2023.09.30"]
[SourceVersion "1"]
[SourceVersionDate "2023.09.30"]
[SourceQuality "1"]

1. e4 d5 2. exd5 Nf6 3. Bb5+ Bd7 4. Bc4 b5 5. Bb3 Bg4 6. f3 Bc8 7. a4 b4 8. d4 Nxd5 9. c4 bxc3 10. bxc3 e6 11. Ne2 Bd6 12. 0-0 0-0 13. c4 Nb4 14. c5 Be7 15. Be3 N8c6 16. Nbc3 Na5 17. Rb1 Nxb3 18. Qxb3 Nd5 19. Bf2 Ba6 20. Rfe1 c6 21. Bg3 Bh4 22. Ne4 Bxg3 23. N2xg3 Rb8 24. Qc2 Qa5 25. Ng5 g6 26. Qe4 Rxb1 27. Rxb1 Qd2 28. Qh4 h5 29. Kh1 Bd3 30. Rg1 Nf4 31. N5e4 Nxg2 32. Qe7 Qc2 33. Nf6+ Kg7 34. Nfxh5+ 1-0

[Event "Catalunya-chT Gp1"]
[Site "Barcelona"]
[Date "2023.02.25"]
[Round "6.7"]
[White "Alonso Moyano, Jonathan"]
[Black "Roa Ribera, Alvaro"]
[Result "1-0"]
[WhiteElo "2339"]
[BlackElo "1918"]
[PlyCount "99"]
[EventDate "2023.01.21"]
[EventType "team-tourn"]
[EventRounds "7"]
[EventCountry "ESP"]
[SourceTitle "CBM 213 Extra"]
[Source "ChessBase"]
[SourceDate "2023.05.31"]
[SourceVersion "1"]
[SourceVersionDate "2023.05.31"]
[SourceQuality "1"]
[WhiteTeam "Barbera"]
[BlackTeam "Badalona Cor de Marina"]
[WhiteTeamCountry "ESP"]
[BlackTeamCountry "ESP"]

1. e4 e5 2. Bc4 Nf6 3. d3 Bc5 4. Nf3 d6 5. c3 Nc6 6. Bb3 Be6 7. Bc2 d5 8. Qe2 a5 9. a4 h6 10. Na3 0-0 11. 0-0 Re8 12. h3 Qd7 13. Kh2 Rad8 14. Nb5 dxe4 15. dxe4 Qe7 16. b3 Rd7 17. Ne1 Red8 18. Nd3 Bb6 19. Ba3 Qe8 20. Rad1 Nh7 21. g3 f6 22. Nc5 Bxc5 23. Bxc5 Qf7 24. Rxd7 Rxd7 25. Rb1 Ng5 26. Be3 Nxh3 27. f4 exf4 28. gxf4 Nxf4 29. Bxf4 Ne5 30. Rg1 Kh8 31. Nd4 c5 32. Bxe5 fxe5 33. Rf1 Qe7 34. Nxe6 Qxe6 35. Bd3 Qe7 36. Kh3 Qe6+ 37. Kg2 Qg6+ 38. Kh1 Qg3 39. Rf8+ Kh7 40. Qf3 Qh4+ 41. Kg2 Qg5+ 42. Kh3 Rd8 43. Rf5 Qg1 44. Rxe5 c4 45. Bxc4 Rf8 46. Qxf8 Qh1+ 47. Kg3 Qg1+ 48. Kf3 Qh1+ 49. Ke3 Qe1+ 50. Kd4 1-0

[Event "Catalunya-chT Gp1"]
[Site "Barcelona"]
[Date "2023.02.18"]
[Round "5.6"]
[White "Alonso Moyano, Jonathan"]
[Black "Hernando Rodrigo, Julio Antonio"]
[Result "1-0"]
[WhiteElo "2339"]
[BlackElo "2240"]
[PlyCount "111"]
[EventDate "2023.01.21"]
[EventType "team-tourn"]
[EventRounds "7"]
[EventCountry "ESP"]
[SourceTitle "CBM 213 Extra"]
[Source "ChessBase"]
[SourceDate "2023.05.31"]
[SourceVersion "1"]
[SourceVersionDate "2023.05.31"]
[SourceQuality "1"]
[WhiteTeam "Barbera"]
[BlackTeam "Ateneu Colon"]
[WhiteTeamCountry "ESP"]
[BlackTeamCountry "ESP"]

1. e4 e6 2. d4 d5 3. e5 c5 4. c3 Nc6 5. Nf3 Qb6 6. a3 c4 7. Nbd2 Na5 8. h4 Bd7 9. Rb1 Ne7 10. g3 Qc7 11. Bh3 f5 12. Nf1 h6 13. h5 g5 14. hxg6 0-0-0 15. g4 Nxg6 16. Ng3 fxg4 17. Bxg4 Be7 18. Rxh6 Rxh6 19. Bxh6 Rh8 20. Be3 Qd8 21. Nd2 Qg8 22. Bh5 Nh4 23. Kf1 Qh7 24. Rc1 Nf5 25. Nxf5 Qxf5 26. Bf3 Bg5 27. Qc2 Qh3+ 28. Ke2 Bxe3 29. Kxe3 Qh6+ 30. Ke2 Rf8 31. Rg1 Be8 32. Rg3 Nb3 33. Nxb3 cxb3 34. Qd3 Qc1 35. Qd2 Bb5+ 36. Ke3 Qb1 37. Rg4 Qh7 38. Be2 Qh6+ 39. f4 Qh3+ 40. Bf3 Qf1 41. Qd1 Qc4 42. Be2 Qc6 43. Bxb5 Qxb5 44. Qd3 Qe8 45. Qg6 Qd7 46. Rh4 Rf7 47. Rh6 Rg7 48. Qxe6 Rg3+ 49. Kf2 Qxe6 50. Rxe6 Rxc3 51. f5 Rc2+ 52. Ke3 Rxb2 53. f6 Kd7 54. Re7+ Kd8 55. Rxb7 Rb1 56. f7 1-0

[Event "Catalunya-chT Gp1"]
[Site "Barcelona"]
[Date "2023.02.11"]
[Round "4.6"]
[White "Sierra Montoya, Miquel"]
[Black "Alonso Moyano, Jonathan"]
[Result "0-1"]
[WhiteElo "2153"]
[BlackElo "2339"]
[PlyCount "36"]
[EventDate "2023.01.21"]
[EventType "team-tourn"]
[EventRounds "7"]
[EventCountry "ESP"]
[SourceTitle "CBM 213 Extra"]
[Source "ChessBase"]
[SourceDate "2023.05.31"]
[SourceVersion "1"]
[SourceVersionDate "2023.05.31"]
[SourceQuality "1"]
[WhiteTeam "Sant Cugat"]
[BlackTeam "Barbera"]
[WhiteTeamCountry "ESP"]
[BlackTeamCountry "ESP"]

1. e4 c5 2. Nf3 d6 3. d4 cxd4 4. Nxd4 Nf6 5. Nc3 a6 6. a3 e5 7. Nf5 d5 8. Bg5 d4 9. Bxf6 gxf6 10. Nb1 Bxf5 11. exf5 Qd5 12. Qh5 Nd7 13. Nd2 Rc8 14. Bd3 Qxg2 15. 0-0-0 Nc5 16. Kb1 Qc6 17. Rc1 Na4 18. Nb3 Bxa3 0-1

[Event "ESP-chT CECLUB Div1"]
[Site "Sanxenxo"]
[Date "2022.09.23"]
[Round "7.3"]
[White "Almagro Llamas, Pablo"]
[Black "Alonso Moyano, Jonathan"]
[Result "1-0"]
[WhiteElo "2407"]
[BlackElo "2348"]
[PlyCount "101"]
[EventDate "2022.09.17"]
[EventType "team-tourn"]
[EventRounds "7"]
[EventCountry "ESP"]
[SourceTitle "CBM 210 Extra"]
[Source "ChessBase"]
[SourceDate "2022.11.30"]
[SourceVersion "1"]
[SourceVersionDate "2022.11.30"]
[SourceQuality "1"]
[WhiteTeam "Virgen de Atocha"]
[BlackTeam "Barbera"]
[WhiteTeamCountry "ESP"]
[BlackTeamCountry "ESP"]

1. c4 e5 2. Nc3 Nc6 3. Nf3 f5 4. d4 e4 5. d5 exf3 6. dxc6 fxg2 7. cxd7+ Qxd7 8. Qxd7+ Bxd7 9. Bxg2 0-0-0 10. Be3 a6 11. 0-0-0 Nf6 12. Bd4 Be7 13. Nd5 Nxd5 14. Bxd5 c6 15. Bf3 Rhg8 16. h4 Be6 17. b3 g6 18. e3 Rd7 19. Bb6 Rf8 20. Rxd7 Bxd7 21. Bd4 Bd6 22. Kd2 c5 23. Bg7 Rf7 24. Bh6 f4 25. e4 Bf8 26. Bxf8 Rxf8 27. Rg1 Bc6 28. Rg5 b6 29. h5 gxh5 30. Rxh5 Re8 31. Bg4+ Kb8 32. f3 Rg8 33. Kd3 Rd8+ 34. Ke2 Rg8 35. Rh4 h5 36. Bh3 Rg1 37. Bf1 Kc7 38. Rxf4 Rg7 39. Rh4 Rh7 40. Ke3 b5 41. f4 Kb6 42. Be2 Be8 43. f5 Ka5 44. e5 Rg7 45. f6 Rg3+ 46. Bf3 Bf7 47. Kf4 Rg1 48. Bd5 Bg6 49. e6 Kb4 50. Ke5 Ka3 51. f7 1-0

[Event "ESP-chT CECLUB Div1"]
[Site "Sanxenxo"]
[Date "2022.09.21"]
[Round "5.2"]
[White "Alonso Garcia, Aaron"]
[Black "Alonso Moyano, Jonathan"]
[Result "1-0"]
[WhiteElo "2427"]
[BlackElo "2348"]
[PlyCount "115"]
[EventDate "2022.09.17"]
[EventType "team-tourn"]
[EventRounds "7"]
[EventCountry "ESP"]
[SourceTitle "CBM 210 Extra"]
[Source "ChessBase"]
[SourceDate "2022.11.30"]
[SourceVersion "1"]
[SourceVersionDate "2022.11.30"]
[SourceQuality "1"]
[WhiteTeam "Collado Villalba"]
[BlackTeam "Barbera"]
[WhiteTeamCountry "ESP"]
[BlackTeamCountry "ESP"]

1. e4 c5 2. Nf3 d6 3. d4 cxd4 4. Nxd4 Nf6 5. Nc3 a6 6. Bg5 Nbd7 7. Bc4 g6 8. Qe2 Qc7 9. 0-0-0 Bg7 10. Kb1 0-0 11. f4 e5 12. Nf3 h6 13. Bxf6 Nxf6 14. fxe5 dxe5 15. Nd5 Nxd5 16. Bxd5 Qe7 17. Rd3 Be6 18. Rhd1 Rac8 19. c3 Rc7 20. h3 Re8 21. g4 Qc5 22. Bxe6 fxe6 23. Rd8 Rxd8 24. Rxd8+ Kh7 25. a3 Rf7 26. Rd1 Rf4 27. Rf1 Qc6 28. Nd2 Bf6 29. Qd3 Kg7 30. Ka2 Rxf1 31. Nxf1 Bg5 32. Nh2 Bf4 33. Nf3 Kf7 34. b4 b5 35. Kb3 Qb6 36. Qd7+ Kf6 37. Qe8 g5 38. Qf8+ Kg6 39. Qg8+ Kf6 40. Qh8+ Ke7 41. Nxe5 Qg1 42. Nc6+ Kd7 43. Qd4+ Qxd4 44. Nxd4 Kd6 45. Nf3 e5 46. a4 Kc6 47. Ne1 bxa4+ 48. Kxa4 Bd2 49. Nc2 Bxc3 50. Ka5 Kb7 51. Ne3 Bd4 52. Nf5 Bb6+ 53. Ka4 Kc6 54. Nxh6 Be3 55. Ka5 Kb7 56. Nf7 Bf4 57. Nd8+ Kc7 58. Ne6+ 1-0

[Event "ESP-chT CECLUB Div1"]
[Site "Sanxenxo"]
[Date "2022.09.20"]
[Round "4.4"]
[White "Alonso Moyano, Jonathan"]
[Black "Ushenina, Anna"]
[Result "1/2-1/2"]
[WhiteElo "2348"]
[BlackElo "2439"]
[PlyCount "234"]
[EventDate "2022.09.17"]
[EventType "team-tourn"]
[EventRounds "7"]
[EventCountry "ESP"]
[SourceTitle "CBM 210 Extra"]
[Source "ChessBase"]
[SourceDate "2022.11.30"]
[SourceVersion "1"]
[SourceVersionDate "2022.11.30"]
[SourceQuality "1"]
[WhiteTeam "Barbera"]
[BlackTeam "Oromana CEN Solutions"]
[WhiteTeamCountry "ESP"]
[BlackTeamCountry "ESP"]

1. d4 d5 2. Bf4 Nf6 3. e3 c5 4. Nf3 Nc6 5. Nbd2 Nh5 6. dxc5 Nxf4 7. exf4 g6 8. c3 Bh6 9. g3 Bg7 10. Nb3 a5 11. a4 0-0 12. Bg2 Bg4 13. h3 Bxf3 14. Qxf3 e6 15. 0-0 Rb8 16. Rfd1 b6 17. Rd2 Qe7 18. Qe3 bxc5 19. Nxc5 d4 20. cxd4 Nxd4 21. Rc1 Rb4 22. Nd3 Nb3 23. Nxb4 Qxb4 24. Rdc2 Nxc1 25. Qxc1 Qxa4 26. Rc8 Bf6 27. Rxf8+ Kxf8 28. Bf1 Qb4 29. b3 Qxb3 30. Qc5+ Kg7 31. Qxa5 Bd4 32. Kg2 Qb7+ 33. Kh2 Qf3 34. Bg2 Qxf2 35. h4 h5 36. Qa3 Qe1 37. Kh3 Qb1 38. Qf3 Qb5 39. Kh2 Qc5 40. Qe4 Bf2 41. Qe2 Bg1+ 42. Kh1 Be3 43. Qb2+ Bd4 44. Qe2 Qc3 45. Kh2 Kh6 46. Qf3 Qd2 47. Qe4 Qd1 48. Qf3 Qg1+ 49. Kh3 Qe1 50. Qe4 Qd2 51. Kh2 Kg7 52. Qf3 Qa5 53. Qa8 Qc5 54. Qc6 Qa3 55. Qe4 Bf6 56. Qa8 Qd3 57. Qe4 Qd2 58. Qf3 Bd4 59. Qe4 Bc3 60. Qf3 Kf6 61. Qe4 e5 62. fxe5+ Bxe5 63. Qd5 Qb4 64. Qe4 Qd6 65. Qf3+ Kg7 66. Kh3 f5 67. Bf1 Qd4 68. Kg2 Bd6 69. Qd3 Qe5 70. Qf3 Qc5 71. Qb7+ Kh6 72. Qf3 Be5 73. Be2 Qc1 74. Qf1 Qd2 75. Qd1 Qe3 76. Qd3 Qc5 77. Qd2+ Kh7 78. Qd7+ Bg7 79. Qd3 Qe5 80. Bf3 Bf8 81. Qd7+ Bg7 82. Qd2 Qc7 83. Qd3 Qe5 84. Qd2 Bf6 85. Qd7+ Be7 86. Qd5 Qb2+ 87. Kh3 Qf6 88. Qc6 Bd6 89. Qc4 Qe5 90. Qf4 Qxf4 91. gxf4 Bxf4 92. Bc6 Bd2 93. Be8 Kg7 94. Bd7 Kf6 95. Bc6 Be1 96. Be8 f4 97. Bc6 Ke5 98. Be8 Kf5 99. Bd7+ Ke4 100. Be8 Kf5 101. Bd7+ Kf6 102. Bc6 Bb4 103. Be4 Kg7 104. Bf3 Kf6 105. Be4 Be7 106. Kg2 Kg7 107. Kf3 Bxh4 108. Bxg6 Kxg6 109. Kxf4 Kf6 110. Kf3 Kf5 111. Kg2 Kg4 112. Kh2 Bf6 113. Kg2 h4 114. Kh2 h3 115. Kh1 Kg3 116. Kg1 Bd4+ 117. Kh1 h2 1/2-1/2

[Event "Catalunya-chT Gp2"]
[Site "Barcelona"]
[Date "2022.02.12"]
[Round "4.7"]
[White "Alonso Moyano, Jonathan"]
[Black "Ano Pla, Gerard"]
[Result "1/2-1/2"]
[WhiteElo "2342"]
[BlackElo "2133"]
[PlyCount "78"]
[EventDate "2022.01.22"]
[EventType "team-tourn"]
[EventRounds "9"]
[EventCountry "ESP"]
[SourceTitle "CBM 208 Extra"]
[Source "ChessBase"]
[SourceDate "2022.07.31"]
[SourceVersion "1"]
[SourceVersionDate "2022.07.31"]
[SourceQuality "1"]
[WhiteTeam "Barbera"]
[BlackTeam "Valls"]
[WhiteTeamCountry "ESP"]
[BlackTeamCountry "ESP"]

1. e4 c5 2. Nc3 Nc6 3. Bb5 Nd4 4. Bc4 a6 5. a4 e6 6. Nge2 Ne7 7. 0-0 Nec6 8. d3 Be7 9. f4 Rb8 10. Nxd4 Nxd4 11. f5 b5 12. Ba2 0-0 13. axb5 axb5 14. Ne2 Nxe2+ 15. Qxe2 d6 16. Bd2 exf5 17. exf5 Bf6 18. Rab1 Bb7 19. b4 Ra8 20. Bb3 Qc7 21. Qg4 Qc6 22. Rf4 h5 23. Qg3 Rae8 24. c3 Re2 25. Rf2 Be5 26. Qh3 Rxf2 27. Kxf2 cxb4 28. cxb4 Bd4+ 29. Kf1 Ba7 30. Re1 Bd4 31. Bd1 Re8 32. Bf3 Rxe1+ 33. Bxe1 Qc7 34. Qxh5 Bxf3 35. Qxf3 Qc1 36. Qa8+ Kh7 37. Qe4 Bc3 38. f6+ g6 39. Qe7 Qf4+ 1/2-1/2

[Event "Catalunya-chT Gp2"]
[Site "Barcelona"]
[Date "2022.02.05"]
[Round "3.6"]
[White "Alonso Moyano, Jonathan"]
[Black "Luna Cortes, Luis"]
[Result "1-0"]
[WhiteElo "2342"]
[BlackElo "2203"]
[PlyCount "79"]
[EventDate "2022.01.22"]
[EventType "team-tourn"]
[EventRounds "9"]
[EventCountry "ESP"]
[SourceTitle "CBM 206 Extra"]
[Source "ChessBase"]
[SourceDate "2022.03.31"]
[SourceVersion "1"]
[SourceVersionDate "2022.03.31"]
[SourceQuality "1"]
[WhiteTeam "Barbera"]
[BlackTeam "Platja D'Aro"]
[WhiteTeamCountry "ESP"]
[BlackTeamCountry "ESP"]

1. e4 d6 2. d4 g6 3. Nf3 Bg7 4. Bc4 Nf6 5. Qe2 0-0 6. 0-0 Nc6 7. e5 Ne8 8. h3 d5 9. Bb5 Bd7 10. c3 a6 11. Bd3 Qc8 12. Nh4 f5 13. f4 b5 14. Nd2 e6 15. g4 Qd8 16. Ndf3 Qe7 17. Kh2 Nd8 18. Rg1 Rb8 19. b4 Rb6 20. a4 bxa4 21. Bxa6 fxg4 22. hxg4 c6 23. Bd3 Nc7 24. Rxa4 Nb5 25. Qc2 Nf7 26. f5 exf5 27. gxf5 Nxe5 28. dxe5 Bxe5+ 29. Kh1 Bg7 30. Bg5 Qd6 31. Be3 Rbb8 32. Bc5 Qc7 33. c4 Nc3 34. Ra7 Qd8 35. Bxf8 Kxf8 36. Ng5 Kg8 37. Nhf3 Ne4 38. Qh2 Nf6 39. Rxd7 Qxd7 40. Qxb8+ 1-0

[Event "Catalunya-chT Gp2"]
[Site "Barcelona"]
[Date "2022.01.29"]
[Round "2.4"]
[White "Ramirez Garcia, Jorge Alberto"]
[Black "Alonso Moyano, Jonathan"]
[Result "1/2-1/2"]
[WhiteElo "2262"]
[BlackElo "2342"]
[PlyCount "109"]
[EventDate "2022.01.22"]
[EventType "team-tourn"]
[EventRounds "9"]
[EventCountry "ESP"]
[SourceTitle "CBM 206 Extra"]
[Source "ChessBase"]
[SourceDate "2022.03.31"]
[SourceVersion "1"]
[SourceVersionDate "2022.03.31"]
[SourceQuality "1"]
[WhiteTeam "Salauris"]
[BlackTeam "Barbera"]
[WhiteTeamCountry "ESP"]
[BlackTeamCountry "ESP"]

1. e4 c5 2. c3 d5 3. exd5 Qxd5 4. d4 Nf6 5. Nf3 e6 6. Na3 cxd4 7. Nb5 Na6 8. Qxd4 Bc5 9. Qxd5 exd5 10. Bd3 0-0 11. 0-0 Bb6 12. Re1 Nc5 13. Bc2 Bd7 14. Nbd4 Rfe8 15. Bf4 Rxe1+ 16. Rxe1 Re8 17. Rxe8+ Bxe8 18. Kf1 Na4 19. Bxa4 Bxa4 20. Ke2 Ne4 21. Be3 g6 22. Ne1 f6 23. f3 Nc5 24. Nec2 Bxc2 25. Nxc2 Na4 26. Bxb6 Nxb6 27. Kd3 Kf7 28. b3 Ke6 29. Kd4 Nc8 30. Kc5 Ne7 31. a4 Ke5 32. a5 Nf5 33. g3 g5 34. Nb4 Ne3 35. Nd3+ Ke6 36. Kd4 Nf5+ 37. Kc5 Ne3 38. Kb5 Kd6 39. Nc5 Kc7 40. a6 bxa6+ 41. Nxa6+ Kd6 42. c4 dxc4 43. bxc4 Nf1 44. c5+ Kd7 45. Nb4 Nxh2 46. Nd5 Nxf3 47. Nxf6+ Kc7 48. Nxh7 a6+ 49. Kxa6 Kc6 50. g4 Kxc5 51. Kb7 Kd5 52. Kb6 Ke5 53. Kc5 Kf4 54. Kd5 Kxg4 55. Nxg5 1/2-1/2